Ed Sheeran - Eyes Closed - Statistics

General Stats
  • This quiz has been taken 25 times
  • The average score is 359 of 420
Answer Stats
Answer % Correct
a
100%
A
100%
And
100%
and
100%
But
100%
but
100%
closed
100%
eye
100%
eyes
100%
I
100%
my
100%
with
100%
you
100%
dancing
95%
ever
95%
I'm
95%
keep
95%
on
95%
see
95%
so
95%
So
95%
bad
89%
be
89%
Been
89%
been
89%
can
89%
do
89%
don't
89%
Every
89%
how
89%
I'll
89%
is
89%
it
89%
it's
89%
It's
89%
know
89%
still
89%
Still
89%
time
89%
Time
89%
what
89%
Cause
84%
dear
84%
else
84%
everywhere
84%
help
84%
idea
84%
in
84%
look
84%
me
84%
might
84%
moving
84%
slow
84%
the
84%
The
84%
they
84%
this
84%
year
84%
Just
79%
just
79%
myself
79%
no
79%
oh
79%
Oh
79%
that
79%
Then
79%
thought
79%
bit
74%
drinks
74%
few
74%
for
74%
friend
74%
friends
74%
gone
74%
here
74%
life
74%
soon
74%
while
74%
While
74%
you're
74%
again
68%
are
68%
back
68%
can't
68%
come
68%
Dealing
68%
different
68%
February
68%
heavy
68%
inside
68%
little
68%
most
68%
one
68%
own
68%
pictured
68%
reminds
68%
throat
68%
when
68%
alone
63%
bar
63%
cards
63%
dealt
63%
feel
63%
goes
63%
hard
63%
holding
63%
home
63%
lump
63%
month
63%
only
63%
somewhere
63%
song
63%
tears
63%
think
63%
could
58%
Delusion
58%
form
58%
hit
58%
now
58%
ready
58%
these
58%
truth
58%
everyone
53%
lost
53%
missing
53%
more
53%
that's
53%
They're
53%
they're
53%
yeah
53%
blue
47%
changes
47%
cleaning
47%
colours
47%
Everything
47%
guess
47%
right
47%
room
47%
you'll
47%
already
42%
get
42%
nothing's
42%
pretend
42%
same
42%
shutting
42%
than
42%
unfolds
42%
except
37%
floor
37%
hole
37%
step
37%
brings
32%
word
26%
No matching quizzes found
Score Distribution
Percent of People with Each Score
Percentile by Number Answered
Your Score History
You have not taken this quiz